00642pab a2200193 454500008004000000100001700040245007300057260000900130300001500139362001600154650002800170650002500198650003600223650002000259773003400279909001000313999001700323952010800340180718b1997 xxu||||| |||| 00| 0 eng d aJha, Praveen aDevil take the hindmost: economic reforms and agricultural labourers c1997 ap.1066-068 a17 & 24 May aIndia - Economic policy aAgricultural workers aEconomic and social development aEconomic reform aEconomic and Political Weekly a34587 c34587d34587 00104070aIIPAbIIPAd2018-07-19hVolume no: 32, Issue no: 20-21pAR34820r2018-07-19w2018-07-19yAR